00376 a2200157 4500003000400000005001700004008004100021020001500062040000900077082001900086100001600105245004200121250001200163260003300175300001000208OSt20231214152915.0231214b |||||||| |||| 00| 0 eng d a8126415134 coclc a894.812bACH/C aAchuthan, M aCherukatha-Innale-Innu /cM. Achuthan a6th ed. aKottayam:bD C Books,c2023. a376p.